The devil in the detail (Record no. 79076)
[ view plain ]
| 000 -LEADER | |
|---|---|
| fixed length control field | 01147cab a22002055a 4500 |
| 001 - CONTROL NUMBER | |
| control field | L139739 |
| 008 - FIXED-LENGTH DATA ELEMENTS--GENERAL INFORMATION | |
| fixed length control field | 070807e20070803xxk f 000 0 eng d |
| 035 ## - SYSTEM CONTROL NUMBER | |
| System control number | (Sirsi) u139739 |
| 041 0# - LANGUAGE CODE | |
| Language code of text/sound track or separate title | eng |
| 100 1# - MAIN ENTRY--PERSONAL NAME | |
| Personal name | Garthwaite, Helen |
| 245 04 - TITLE STATEMENT | |
| Title | The devil in the detail |
| 260 ## - PUBLICATION, DISTRIBUTION, ETC. | |
| Date of publication, distribution, etc. | 2007 |
| 490 #0 - SERIES STATEMENT | |
| Series statement | Building |
| Volume/sequential designation | 272(8491) 3 August 2007, 48(1) |
| 520 ## - SUMMARY, ETC. | |
| Summary, etc. | Discusses limitations on liability as specified in contract clauses, and the problems they can cause. Provides the example of an engineer and client who had agreed to use terms of engagement based on the ACE Agreement B(1) 2002 (revised 2004). The terms of engagement contained clause 8.2 (liability not to exceed amount of insurance) and the client?s claim was foiled by the detail of the engineer?s policy. Suggests that a single financial cap only on liability, maybe set by reference to the level of professional indemnity insurance, would have been a better solution. |
| 590 ## - LOCAL NOTE (RLIN) | |
| Local note | KA |
| 650 24 - SUBJECT ADDED ENTRY--TOPICAL TERM | |
| Topical term or geographic name entry element | ACE AGREEMENT B(1) (2002 EDITION) (REVISED 2004) |
| 651 #4 - SUBJECT ADDED ENTRY--GEOGRAPHIC NAME | |
| Geographic name | United Kingdom |
| Chronological subdivision | |
| 690 ## - LOCAL SUBJECT ADDED ENTRY--TOPICAL TERM (OCLC, RLIN) | |
| Topical term or geographic name as entry element | BUILT ENVIRONMENT-CONSTRUCTION MANAGEMENT-BUILDING CONTRACT ADMINISTRATION |
| 942 ## - ADDED ENTRY ELEMENTS (KOHA) | |
| Suppress in OPAC | 0 |
| Withdrawn status | Lost status | Source of classification or shelving scheme | Damaged status | Not for loan | Home library | Current library | Shelving location | Date acquired | Total Checkouts | Full call number | Barcode | Date last seen | Copy number | Price effective from | Koha item type |
|---|---|---|---|---|---|---|---|---|---|---|---|---|---|---|---|
| Dewey Decimal Classification | London | London | Journal article | 07/08/2007 | L139739 | 139739-1001 | 06/08/2019 | 1 | 06/08/2019 | Journal article |